| 000 | 00632nam a2200169 a 4500 | ||
|---|---|---|---|
| 008 | 121107s1965 ||||||||||||||||| || u | ||
| 050 | _aD 843 RUS | ||
| 100 | _aRussett, Bruce M | ||
| 245 | 1 | 0 |
_aTrends in world politics _cby Bruce M. Russett. |
| 260 |
_aNew York, _bMacmillan _c1965 |
||
| 300 | _a156 p. illus. | ||
| 490 | _aGovernment in the modern world | ||
| 500 | _aBibliographical footnotes. | ||
| 650 | 0 | _aWORLD POLITICS--1965-1975 | |
| 650 | 0 | _aHISTORY--MODERN--1945-1989 | |
| 995 |
_aSPECIAL COLLECTIONS _e500252 _FCBU-DAG HAMMARSKJOLD INSTITUTE LIBRARY _jDAG D 843 RUS _M1 _UAVAILABLE _WNov 7, 2012 _y500252 _ZDHIPS Book Collection |
||
| 999 |
_c520 _d520 |
||